Programming the PIC microcontroller with MBASIC /

The Microchip PIC family of microcontrollers is the most popular series of microcontrollers in the world. However, no microcontroller is of any use without software to make it perform useful functions. This comprehensive reference focuses on designing with Microchips mid-range PIC line using MBASIC,...

Full description

Bibliographic Details
Main Author: Smith, Jack R., 1946-
Format: eBook
Language:English
Published: Amsterdam ; Boston : Elsevier/Newnes, 2005.
Series:Embedded technology series.
Subjects:
Online Access:Connect to the full text of this electronic book
Publisher description
Table of contents only

MARC

Tag First Indicator Second Indicator Subfields
LEADER 00000cam a2200000Ia 4500
001 in00002425761
005 20190327171555.0
006 m d
007 cr cn|||||||||
008 070802s2005 ne a sb 001 0 eng d
020 |a 9780750679466 
020 |a 0750679468 
035 |a (OCoLC)ocn162130395 
035 |a (OCoLC)162130395 
037 |a 114120:114213  |b Elsevier Science & Technology  |n http://www.sciencedirect.com 
040 |a OPELS  |c OPELS  |d UtOrBLW 
049 |a TEFA 
050 1 4 |a TJ223.P76  |b S62 2005eb 
082 0 4 |a 629.8/955262  |2 22 
100 1 |a Smith, Jack R.,  |d 1946- 
245 1 0 |a Programming the PIC microcontroller with MBASIC /  |c by Jack R. Smith. 
264 1 |a Amsterdam ;  |a Boston :  |b Elsevier/Newnes,  |c 2005. 
300 |a xiv, 783 pages :  |b illustrations ;  |c 24 cm. +  |e + 1 CD-ROM (4 3/4 in.) 
336 |a text  |b txt  |2 rdacontent 
337 |a computer  |b c  |2 rdamedia 
338 |a online resource  |b cr  |2 rdacarrier 
490 1 |a Embedded technology series 
533 |a Electronic reproduction.  |b Amsterdam :  |c Elsevier Science & Technology,  |d 2007.  |n Mode of access: World Wide Web.  |n System requirements: Web browser.  |n Title from title screen (viewed on July 25, 2007).  |n Access may be restricted to users at subscribing institutions. 
520 |a The Microchip PIC family of microcontrollers is the most popular series of microcontrollers in the world. However, no microcontroller is of any use without software to make it perform useful functions. This comprehensive reference focuses on designing with Microchips mid-range PIC line using MBASIC, a powerful but easy to learn programming language. It illustrates MBASICs abilities through a series of design examples, beginning with simple PIC-based projects and proceeding through more advanced designs. Unlike other references however, it also covers essential hardware and software design fundamentals of the PIC microcontroller series, including programming in assembly language when needed to supplement the capabilities of MBASIC. Details of hardware/software interfacing to the PIC are also provided. BENEFIT TO THE READER: This book provides one of the most thorough introductions available to the worlds most popular microcontroller, with numerous hardware and software working design examples which engineers, students and hobbyists can directly apply to their design work and studies. Using MBASIC, it is possible to develop working programs for the PIC in a much shorter time frame than when using assembly language. * Offers a complete introduction to programming the most popular microcontroller in the world, using the MBASIC compiler from a company that is committed to supporting the book both through purchases and promotion * Provides numerous real-world design examples, all carefully tested * CD contains the source code files and executables, and will include a demo version of the MBASIC compiler, allowing engineers to work out the design exercises in the book. 
505 0 |a CHAPTER 1: What is a PICR?; CHAPTER 2: MBasic Compiler and Development Boards; CHAPTER 3: The Basics Output; CHAPTER 4: The Basics - Digital Input; CHAPTER 5: LCD Modules; CHAPTER 6: Reading Complex Input Switches; CHAPTER 7: Seven-Segment LED Displays; CHAPTER 8: Introductory Stepper Motors; CHAPTER 9: RS-232 Serial Interface; CHAPTER 10: Interrupts and Timers in MBasic; CHAPTER 11: Analog-to-Digital Conversion; CHAPTER 12: Digital Temperature Sensors and Real-Time Clocks; CHAPTER 13: Assembler 101; CHAPTER 14: In-Line Assembler; CHAPTER 15: Interrupt Handlers and Timers in Assembler; CHAPTER 16: Digital-to-Analog Conversion; CHAPTER 17: DTMF Tone Decoding and Telephone Interface; CHAPTER 18: External Memory; CHAPTER 19: Advanced Stepper Motors; CHAPTER 20: X-10 Home Automation; CHAPTER 21: Digital Potentiometers and Controllable Filter; CHAPTER 22: Infrared Remote Controls; CHAPTER 23: AC Power Control; CHAPTER 24: DC Motor Control; CHAPTER 25: Bar Code Reader; CHAPTER 26: Sending Morse Code; CHAPTER 27: Morse Code Reader; CHAPTER 28: Weather Station and Data Logger; CHAPTER 29: Migrating from v5.2.1.x to 5.3.0.0 and the Undocumented MBasic; APPENDIX A: Parts List; APPENDIX B: Function Index. 
504 |a Includes bibliographical references and index. 
500 |a Electronic resource. 
650 0 |a Programmable controllers. 
650 0 |a BASIC (Computer program language) 
655 7 |a Electronic books.  |2 local 
730 0 |a Referex. 
776 1 |c Original  |z 0750679468  |z 9780750679466  |w (DLC) 2005049115  |w (OCoLC)60188759 
830 0 |a Embedded technology series. 
856 4 0 |u http://proxy.library.tamu.edu/login?url=http://www.sciencedirect.com/science/book/9780750679466  |z Connect to the full text of this electronic book  |t 0 
856 4 2 |3 Publisher description  |u http://www.loc.gov/catdir/enhancements/fy0625/2005049115-d.html  |t 0 
856 4 2 |3 Table of contents only  |u http://www.loc.gov/catdir/enhancements/fy0625/2005049115-t.html  |t 0 
994 |a C0  |b TEF 
999 |a MARS 
999 f f |s 1bbd4821-b4b2-3dae-ba58-ffe3c02b9da0  |i bc4351a0-b1c4-3eb1-9028-952c337bc5df  |t 0 
952 f f |a Texas A&M University  |b College Station  |c Electronic Resources  |d Available Online  |t 0  |e TJ223.P76 S62 2005eb  |h Library of Congress classification 
998 f f |a TJ223.P76 S62 2005eb  |t 0  |l Available Online